000 00436nam a2200181Ia 4500
001 407
005 20260306140515.0
008 260306t2003||||xx |||||||||||||| ||spa||
041 _aESP
082 _a110
_bR31A
100 _aReale, Giovanni
_eAUT
245 0 _aGuía de lectura de la metafísica de Aristóteles
260 _c2003
300 _a250 páginas :
_c21 cm.
650 _aGEN
654 _aCHU
942 _cLIB
_dJUS
_fJUS
_2ddc
_n
999 _c407
_d407